ARRUPE JESUIT UNIVERSITY

CORONAVIRUS -STOP THE SPREAD - CLEAN,DISINFECT,COVER

The completeGreek tragedies, EURIPIDES V (Record no. 127259)

MARC details
000 -LEADER
fixed length control field 01146cam a2200289 4500
001 - CONTROL NUMBER
control field 4099742
003 - CONTROL NUMBER IDENTIFIER
control field ARRUPE
005 - DATE AND TIME OF LATEST TRANSACTION
control field 20240709115208.0
008 - FIXED-LENGTH DATA ELEMENTS--GENERAL INFORMATION
fixed length control field 740223m19739999enk 000 0 eng
010 ## - LIBRARY OF CONGRESS CONTROL NUMBER
LC control number 74156793
020 ## - INTERNATIONAL STANDARD BOOK NUMBER
International Standard Book Number 0192811363 (v. 1)
020 ## - INTERNATIONAL STANDARD BOOK NUMBER
International Standard Book Number 0192811649 (v. 2)
040 ## - CATALOGING SOURCE
Original cataloging agency DLC
Transcribing agency DLC
Modifying agency DLC
050 00 - LIBRARY OF CONGRESS CALL NUMBER
Classification number PR-8-1
082 00 - DEWEY DECIMAL CLASSIFICATION NUMBER
Classification number 822
300 ## - PHYSICAL DESCRIPTION
Dimensions 20 cm.
100 1# - MAIN ENTRY--PERSONAL NAME
Personal name Grene, David
Relator term ed.
9 (RLIN) 37685
240 10 - UNIFORM TITLE
Uniform title <a href="Plays">Plays</a>
245 00 - TITLE STATEMENT
Title The completeGreek tragedies, EURIPIDES V
Statement of responsibility, etc Edited by David Grene and Richard Lattimore
260 ## - PUBLICATION, DISTRIBUTION, ETC. (IMPRINT)
Place of publication, distribution, etc London ;
-- Chicago
Name of publisher, distributor, etc The University of Chicago Press,
Date of publication, distribution, etc 1959
300 ## - PHYSICAL DESCRIPTION
Extent v. <1-2 > :
490 0# - SERIES STATEMENT
Series statement v. 1: A Galaxy book ;
Volume number/sequential designation 392
505 1# - FORMATTED CONTENTS NOTE
Formatted contents note v. 1. A dance of the forests ; The swamp dwellers ; The strong breed ; The road ; The Bacchae of Euripides -- v. 2. The lion and the jewel ; Kongi's harvest ; The trials of Brother Jero ; Jero's metamorposis ; Madmen and specialists
651 #0 - SUBJECT ADDED ENTRY--GEOGRAPHIC NAME
Geographic name Nigeria
General subdivision Drama.
9 (RLIN) 37686
856 42 - ELECTRONIC LOCATION AND ACCESS
Materials specified Publisher description
Uniform Resource Identifier <a href="http://www.loc.gov/catdir/enhancements/fy0603/74156793-d.html">http://www.loc.gov/catdir/enhancements/fy0603/74156793-d.html</a>
906 ## - LOCAL DATA ELEMENT F, LDF (RLIN)
a 7
b cbc
c orignew
d 2
e ncip
f 19
g y-gencatlg
942 ## - ADDED ENTRY ELEMENTS (KOHA)
Source of classification or shelving scheme Library of Congress Classification
Koha item type Monograph ( Printed materials)
Holdings
Withdrawn status Lost status Source of classification or shelving scheme Damaged status Not for loan Collection code Home library Current library Shelving location Date acquired Total Checkouts Full call number Barcode Date last seen Price effective from Koha item type Checked out Date checked out
    Library of Congress Classification     Main Collection ARRUPE COLLEGE BOOKSTORE ARRUPE COLLEGE BOOKSTORE Main Collection 22/11/2017   PR-8-1 46500005939 22/11/2017 22/11/2017 Monograph ( Printed materials)    
    Library of Congress Classification     Main Collection ARRUPE COLLEGE BOOKSTORE ARRUPE COLLEGE BOOKSTORE Main Collection 22/11/2017   PR-8-4 46500005940 22/11/2017 22/11/2017 Monograph ( Printed materials)    
    Library of Congress Classification     Main Collection ARRUPE COLLEGE BOOKSTORE ARRUPE COLLEGE BOOKSTORE Main Collection 22/11/2017   PR-8-5 46500005945 22/11/2017 22/11/2017 Monograph ( Printed materials)    
    Library of Congress Classification     Main Collection ARRUPE COLLEGE BOOKSTORE ARRUPE COLLEGE BOOKSTORE Main Collection 22/11/2017   PR-8-6 46500005944 22/11/2017 22/11/2017 Monograph ( Printed materials)    
    Library of Congress Classification     Main Collection ARRUPE COLLEGE BOOKSTORE ARRUPE COLLEGE BOOKSTORE Main Collection 22/11/2017   PR-8-7 46500005943 22/11/2017 22/11/2017 Monograph ( Printed materials)    
    Library of Congress Classification     Main Collection ARRUPE COLLEGE BOOKSTORE ARRUPE COLLEGE BOOKSTORE Main Collection 22/11/2017   PR-8-8 46500005946 22/11/2017 22/11/2017 Monograph ( Printed materials)    
    Library of Congress Classification     Main Collection ARRUPE COLLEGE BOOKSTORE ARRUPE COLLEGE BOOKSTORE Main Collection 22/11/2017   PR-8-9 46500005947 22/11/2017 22/11/2017 Monograph ( Printed materials)    
    Library of Congress Classification     Main Collection ARRUPE COLLEGE BOOKSTORE ARRUPE COLLEGE BOOKSTORE Main Collection 22/11/2017   PR-8-10 46500005949 22/11/2017 22/11/2017 Monograph ( Printed materials)    
    Library of Congress Classification     Main Collection ARRUPE COLLEGE BOOKSTORE ARRUPE COLLEGE BOOKSTORE Main Collection 22/11/2017   PR-8-11 46500005950 22/11/2017 22/11/2017 Monograph ( Printed materials)    
    Library of Congress Classification     Main Collection ARRUPE COLLEGE BOOKSTORE ARRUPE COLLEGE BOOKSTORE Main Collection 22/11/2017   PR-8-12 46500005953 22/11/2017 22/11/2017 Monograph ( Printed materials)    
    Library of Congress Classification     Main Collection ARRUPE COLLEGE BOOKSTORE ARRUPE COLLEGE BOOKSTORE Main Collection 22/11/2017   PR-8-13 46500005956 22/11/2017 22/11/2017 Monograph ( Printed materials)    
    Library of Congress Classification     Main Collection ARRUPE COLLEGE BOOKSTORE ARRUPE COLLEGE BOOKSTORE Main Collection 22/11/2017   PR-8-14 46500005954 23/11/2017 22/11/2017 Monograph ( Printed materials)    
    Library of Congress Classification     Main Collection ARRUPE COLLEGE BOOKSTORE ARRUPE COLLEGE BOOKSTORE Main Collection 22/11/2017   PR-8-15 46500005951 23/11/2017 22/11/2017 Monograph ( Printed materials)    
    Library of Congress Classification     Main Collection ARRUPE COLLEGE BOOKSTORE ARRUPE COLLEGE BOOKSTORE Main Collection 22/11/2017   PR-8-17 46500027637 23/11/2017 22/11/2017 Monograph ( Printed materials)    
    Library of Congress Classification     Main Collection ARRUPE COLLEGE BOOKSTORE ARRUPE LIBRARY Main Collection 22/11/2017 1 PR-8-16 46500027632 22/10/2020 22/11/2017 Monograph ( Printed materials) 14/12/2020 22/10/2020

 

Arrupe Library. PO Box MP320 Mt Pleasant, Harare, Zimbabwe
263 242 745411|librarian@aju.ac.zw